[Event "Olympic Open"]
[Site "SchemingMind.com"]
[Date "2008.08.07"]
[Round "-"]
[White "kwabena"]
[Black "mikewharvey"]
[Result "0-1"]
[WhiteCountry "ENG"]
[BlackCountry "GBR"]
[WhiteElo "1617"]
[WhiteRD "80"]
[BlackElo "1648"]
[BlackRD "91"]
[GameID "166442"]

1. d4 d5 2. Bf4 c5 3. c3 Nc6 4. a3 Bf5 5. e3 e6 6. b4 c4 7. Nf3 Nf6 8. Nbd2 Be7 9. Be2 O-O 10. h3 Nh5
11. Bh2 Nf6 12. O-O a6 13. Nh4 Be4 14. Nxe4 Nxe4 15. Nf3 Nxc3 16. Qc2 Nxe2+ 17. Qxe2 Bd6 18. Bxd6 Qxd6 19. Rfb1 b5 20. Rd1 a5
21. bxa5 Rxa5 22. Qb2 Rfa8 23. Qc3 Rxa3 24. Rxa3 Rxa3 25. Qc2 b4 26. Qb2 h6 27. Nd2 c3 28. Nc4 cxb2
0-1

[Event "Olympic Open"]
[Site "SchemingMind.com"]
[Date "2008.08.07"]
[Round "-"]
[White "mikewharvey"]
[Black "kwabena"]
[Result "1-0"]
[WhiteCountry "GBR"]
[BlackCountry "ENG"]
[WhiteElo "1667"]
[WhiteRD "94"]
[BlackElo "1622"]
[BlackRD "83"]
[GameID "166444"]

1. c4 c6 2. d4 d5 3. Nf3 Bf5 4. Nc3 a6 5. Qb3 Qc7 6. cxd5 Nf6 7. dxc6 Nxc6 8. e3 e6 9. Be2 h6 10. O-O Bd6
11. d5 Na5 12. Qd1 O-O 13. dxe6 Bxe6 14. e4 Rfd8 15. Qc2 Be7 16. h3 Qc6 17. Be3 Nc4 18. Bf4 Rac8 19. e5 Nd7 20. Rfe1 Ncb6
21. Nd4 Qc7 22. Nxe6 fxe6 23. Bxh6 Nxe5 24. Bf4 Bf6 25. Qb3 Re8 26. Ne4 Nd5 27. Nxf6+ Nxf6 28. Bxe5 Qf7 29. Bxf6 gxf6 30. Rad1 b5
31. Rd6 Ra8 32. Bf3 Ra7 33. Bc6 Ree7 34. Rdxe6 Rxe6 35. Rxe6 Qg6 36. Rxf6+
1-0

[Event "Olympic Open"]
[Site "SchemingMind.com"]
[Date "2008.08.07"]
[Round "-"]
[White "Sixmax"]
[Black "mikewharvey"]
[Result "1-0"]
[WhiteCountry "DEN"]
[BlackCountry "GBR"]
[WhiteElo "2213"]
[WhiteRD "70"]
[BlackElo "1710"]
[BlackRD "94"]
[GameID "166464"]

1. e4 g6 2. d4 Bg7 3. Nc3 d6 4. Be3 Nf6 5. Qd2 Ng4 6. Nf3 O-O 7. Bg5 Nc6 8. h3 Nf6 9. O-O-O a6 10. Qf4 Nh5
11. Qe3 Qd7 12. g4 Nf6 13. e5 Ne8 14. Kb1 b5 15. Bd3 Nb4 16. Be2 Bb7 17. Rhg1 Nd5 18. Nxd5 Bxd5 19. h4 Qe6 20. Ka1 f6
21. exf6 Nxf6 22. Nd2 Rfe8 23. Qxe6+ Bxe6 24. h5 h6 25. Bxh6 Bxh6 26. g5 Kh7 27. hxg6+ Kxg6 28. gxh6+ Kxh6 29. Rg3 Bf7 30. Rh1+ Bh5
31. Bxh5 Nxh5 32. Ne4 Rg8 33. Rgh3 Kg7 34. Rxh5 Raf8 35. Rh7+ Kg6 36. Rxe7 Kf5 37. Ng3+ Kg4 38. Rxc7 Kf3 39. Rh2 Re8 40. a4 bxa4
41. Rf7+ Kg4 42. Ne2 Rgf8 43. Rg2+ Kh3 44. Rg3+
1-0

[Event "Olympic Open"]
[Site "SchemingMind.com"]
[Date "2008.08.07"]
[Round "-"]
[White "Sixmax"]
[Black "kwabena"]
[Result "1-0"]
[WhiteCountry "DEN"]
[BlackCountry "ENG"]
[WhiteElo "2106"]
[WhiteRD "84"]
[BlackElo "1633"]
[BlackRD "75"]
[GameID "166465"]

1. e4 d5 2. exd5 Qxd5 3. Nc3 Qd8 4. d4 h6 5. Nf3 Bf5 6. Bf4 e6 7. d5 c6 8. dxe6 Qxd1+ 9. Rxd1 Bxe6 10. Nd4 Bc8
11. Ndb5 cxb5 12. Nd5 Na6 13. Bxb5+ Bd7 14. Nc7+ Nxc7 15. Bxd7+ Ke7 16. Bxc7 Kf6 17. O-O Kg6 18. Rd5 Ne7 19. Rb5 b6 20. Rd1 Kh7
21. h4 Rg8 22. h5 g6 23. Bg4 Nc6 24. Rd7 Rg7 25. Bf3 Bc5 26. Bxc6 Rf8 27. b4
1-0

[Event "Olympic Open"]
[Site "SchemingMind.com"]
[Date "2008.08.07"]
[Round "-"]
[White "mikewharvey"]
[Black "Sixmax"]
[Result "0-1"]
[WhiteCountry "GBR"]
[BlackCountry "DEN"]
[WhiteElo "1665"]
[WhiteRD "99"]
[BlackElo "2231"]
[BlackRD "69"]
[GameID "166467"]

1. c4 b6 2. d4 Bb7 3. Nc3 e6 4. a3 d5 5. e3 Nf6 6. Nf3 Bd6 7. Bd3 O-O 8. O-O dxc4 9. Bxc4 Nbd7 10. Bd3 c5
11. Be2 Rc8 12. Bd2 a6 13. e4 cxd4 14. Nxd4 Nc5 15. Bg5 Be5 16. Be3 Nfxe4 17. Nxe4 Nxe4 18. Bf3 Qh4 19. g3 Qf6 20. Bg2 Rfd8
21. Qg4 Bxd4 22. Bxe4 h5 23. Qxh5 Bxe4 24. Qg4 Bd3 25. Bg5 Qg6 26. h3 Bxf1 27. Bxd8 Qxg4 28. hxg4 Bh3 29. Be7 Rc2 30. Kh2 Bxg4
0-1

[Event "Olympic Open"]
[Site "SchemingMind.com"]
[Date "2008.08.07"]
[Round "-"]
[White "kwabena"]
[Black "Sixmax"]
[Result "0-1"]
[WhiteCountry "ENG"]
[BlackCountry "DEN"]
[WhiteElo "1633"]
[WhiteRD "75"]
[BlackElo "2106"]
[BlackRD "84"]
[GameID "166468"]

1. d4 c5 2. c3 e6 3. a3 cxd4 4. cxd4 d5 5. Bf4 Nc6 6. e3 Nf6 7. Nc3 Bd6 8. Bxd6 Qxd6 9. Nf3 O-O 10. Rc1 a6
11. Be2 Bd7 12. O-O b5 13. a4 b4 14. Na2 a5 15. b3 Rfc8 16. Rc2 e5 17. Rxc6 Qxc6 18. Nxe5 Qc2 19. Nxb4 axb4 20. Bf3 Be6
21. h3 Qxd1 22. Rxd1 Rc3 23. Rb1 Rac8 24. Kh2 Ne4 25. Bxe4 dxe4 26. Kg3 Rxb3 27. Ra1 f6 28. Ng4 Bxg4 29. hxg4 Ra3 30. Rb1 Rxa4
31. Kf4 Rb8 32. Kxe4 b3 33. Kd3 Ra2 34. Kc3 Rc2+
0-1

[Event "Olympic Open"]
[Site "SchemingMind.com"]
[Date "2008.08.07"]
[Round "-"]
[White "shaykins"]
[Black "mikewharvey"]
[Result "1-0"]
[WhiteCountry "ISR"]
[BlackCountry "GBR"]
[WhiteElo "2059"]
[WhiteRD "129"]
[BlackElo "1648"]
[BlackRD "91"]
[GameID "166479"]

1. e4 g6 2. d4 Bg7 3. Nc3 d6 4. Be3 a6 5. Qd2 Nd7 6. Nf3 b5 7. Bd3 Bb7 8. O-O c5 9. a4 b4 10. Ne2 Ngf6
11. Ng3 O-O 12. c3 bxc3 13. bxc3 Rb8 14. Bh6 cxd4 15. Bxg7 Kxg7 16. cxd4 e5 17. Rfc1 exd4 18. Nxd4 Nc5 19. f3 Qb6 20. a5 Qa7
21. Bc4 d5 22. Ndf5+ Kh8 23. Qd4 gxf5 24. Nh5 Kg8 25. Nxf6+ Kg7 26. Ne8+ Kg8 27. Qg7#
1-0

[Event "Olympic Open"]
[Site "SchemingMind.com"]
[Date "2008.08.07"]
[Round "-"]
[White "shaykins"]
[Black "kwabena"]
[Result "1-0"]
[WhiteCountry "ISR"]
[BlackCountry "ENG"]
[WhiteElo "1959"]
[WhiteRD "155"]
[BlackElo "1633"]
[BlackRD "75"]
[GameID "166480"]

1. e4 d5 2. exd5 Qxd5 3. Nc3 Qd8 4. d4 Nf6 5. Bc4 Bf5 6. Qf3 c6 7. Qxf5 Qxd4 8. Qc8+ Qd8 9. Bxf7+ Kxf7 10. Qxd8 h6
11. Qc8
1-0

[Event "Olympic Open"]
[Site "SchemingMind.com"]
[Date "2008.08.07"]
[Round "-"]
[White "shaykins"]
[Black "Sixmax"]
[Result "0-1"]
[WhiteCountry "ISR"]
[BlackCountry "DEN"]
[WhiteElo "2102"]
[WhiteRD "109"]
[BlackElo "2197"]
[BlackRD "76"]
[GameID "166481"]

1. e4 e5 2. Nf3 Nf6 3. Nxe5 d6 4. Nf3 Nxe4 5. d4 d5 6. Bd3 Bd6 7. c4 Bb4+ 8. Nbd2 O-O 9. O-O Bf5 10. a3 Bxd2
11. Bxd2 Nc6 12. Bf4 Bg4 13. Be3 Re8 14. h3 Bh5 15. Rc1 dxc4 16. Bxc4 a6 17. g4 Bg6 18. d5 Na7 19. Re1 Nb5 20. Qb3 Nbd6
21. Be2 f5 22. Nd4 Qh4 23. Ne6 Qxh3 24. Nf4 Qh4 25. Kg2 fxg4 26. Rh1 Qg5 27. Rxc7 Bf7 28. Ne6 Qf5 29. Kg1 g3 30. f3 Nf6
31. Bd3 Qxf3 32. Bxh7+ Nxh7 33. Rxh7 Rxe6 34. Rxg7+ Kxg7 35. Bd4+ Qf6 36. Qxg3+ Kf8 37. Bxf6 Rxf6 38. Qe5 Rg6+ 39. Kf2 Kg8 40. Re7 Rf8
41. Ke2 Nc8 42. Rc7 Re8 43. Qxe8+ Bxe8 44. Rxc8 Kf8 45. Kd3 Ke7 46. Kd4 Bb5 47. Kc5 b6+ 48. Kd4 Kd6 49. Rd8+ Bd7 50. Ra8 Rg4+
51. Ke3 a5 52. Rb8 Rg3+ 53. Kd2 Rb3 54. Kc2 a4 55. Rd8 Rb5 56. b4 axb3+ 57. Kb2 Rxd5 58. Kxb3 Rb5+ 59. Kc3 Kc7 60. Ra8 Kb7
61. Rh8 Be6 62. a4 Rb3+ 63. Kd4 Rb4+ 64. Ke5 Rxa4 65. Kxe6 Kc6 66. Rc8+ Kb5 67. Rc1 Ra3 68. Kd5 Ka5 69. Rc7 b5 70. Kd4 Ka4
71. Ra7+ Kb3 72. Re7 b4 73. Re3+ Ka4 74. Re6 Rc3 75. Ra6+ Kb3 76. Rf6 Kb2
0-1

[Event "Olympic Open"]
[Site "SchemingMind.com"]
[Date "2008.08.07"]
[Round "-"]
[White "mikewharvey"]
[Black "shaykins"]
[Result "0-1"]
[WhiteCountry "GBR"]
[BlackCountry "ISR"]
[WhiteElo "1648"]
[WhiteRD "91"]
[BlackElo "2059"]
[BlackRD "129"]
[GameID "166483"]

1. c4 c6 2. d4 d5 3. Nf3 Nf6 4. Nc3 dxc4 5. a4 Nd5 6. e3 Nxc3 7. bxc3 b5 8. g3 Bg4 9. Bg2 Nd7 10. h3 Bf5
11. axb5 cxb5 12. Nh4 Bd3 13. Bxa8 Qxa8 14. Qf3 Be4 15. Rxa7 Bxf3 16. Rxa8+ Bxa8 17. Rg1 e5 18. Nf5 g6 19. g4 gxf5 20. gxf5 f6
21. Ke2 Be4 22. dxe5 Nxe5 23. Bd2 Kf7 24. f4 Nf3 25. Ra1 Rg8 26. Ra7+ Be7 27. Rd7 Rg2+
0-1

[Event "Olympic Open"]
[Site "SchemingMind.com"]
[Date "2008.08.07"]
[Round "-"]
[White "kwabena"]
[Black "shaykins"]
[Result "0-1"]
[WhiteCountry "ENG"]
[BlackCountry "ISR"]
[WhiteElo "1633"]
[WhiteRD "75"]
[BlackElo "1959"]
[BlackRD "155"]
[GameID "166484"]

1. d4 d5 2. Bf4 Nf6 3. e3 e6 4. a3 Bd6 5. Bxd6 cxd6 6. Nf3 O-O 7. Bd3 Nc6 8. Nc3 e5 9. Be2 Ne4 10. O-O Nxc3
11. bxc3 Qa5 12. c4 dxc4 13. Bxc4 Bg4 14. Be2 Rae8 15. dxe5 dxe5 16. h3 Bxf3 17. Bxf3 e4 18. Be2 Rd8 19. Qc1 Rd2 20. Bd1 Rfd8
21. Qb2 b6 22. Qb3 Qc5 23. Qa4 f5 24. Re1 Na5 25. Be2 Qxc2 26. Qxc2 Rxc2 27. Bb5 Rdd2 28. Rf1 Nb3 29. Rab1 Nc5 30. Ra1 a6
31. Be8 f4 32. Rac1 Rxc1 33. Rxc1 fxe3 34. fxe3 Kf8 35. Bc6 Rd6 36. Ba8 g6 37. Rc4 Rd3 38. Bxe4 Rxe3 39. Bf3 Rxa3 40. Rd4 Ke7
41. Rh4 h5 42. Rb4 Rb3 43. Rd4 Rd3 44. Rb4 b5 45. Bc6 Rd1+ 46. Kh2 Kd6 47. Be8 Nd3 48. Rd4+ Ke5 49. Rd7 Kf6 50. Ra7 Nc5
51. Rc7 Ne4 52. Rc6+ Rd6 53. Rc2 Nd2 54. Rc7 h4 55. Rf7+ Kg5 56. Rf2 b4 57. Ba4 b3 58. Re2 b2 59. Bc2 Nf1+ 60. Kg1 Rd1
61. Re5+ Kf6 62. Re8 Ng3+ 63. Kf2 Rd2+
0-1

[Event "Olympic Open"]
[Site "SchemingMind.com"]
[Date "2008.08.07"]
[Round "-"]
[White "Sixmax"]
[Black "shaykins"]
[Result "1/2-1/2"]
[WhiteCountry "DEN"]
[BlackCountry "ISR"]
[WhiteElo "2106"]
[WhiteRD "84"]
[BlackElo "1959"]
[BlackRD "155"]
[GameID "166485"]

1. e4 c5 2. c3 d5 3. Bb5+ Bd7 4. Bxd7+ Qxd7 5. e5 Nc6 6. d4 f6 7. f4 e6 8. Nf3 Nh6 9. exf6 gxf6 10. Be3 Nf5
11. Qe2 Rg8 12. g3 c4 13. Nbd2 O-O-O 14. Bf2 Kb8 15. Nf1 Nd6 16. O-O-O Bg7 17. Kb1 Qf7 18. Ne3 Rd7 19. Rhe1 Re7 20. Qc2 Ne4
21. Nxc4 Qh5 22. Rxe4 dxe4 23. Qxe4 Rd8 24. Ncd2 Bh6 25. Re1 Bf8 26. Qe2 Ree8 27. Ne4 Be7 28. Ne5 Qxe2 29. Nxc6+ Kc7 30. Rxe2 Kxc6
31. c4 Kd7 32. d5 exd5 33. cxd5 f5 34. Nc3 Bf6 35. Rd2 Bxc3 36. bxc3 b6 37. Kc2 Rc8 38. Bd4 Re1 39. a4 Ra1 40. Kb3 Rb1+
41. Ka2 Re1 42. Kb2 Re4 43. Kb3 Rce8 44. a5 Re2 45. Rxe2 Rxe2 46. axb6 axb6 47. Bxb6 Rxh2 48. c4= Rg2 49. c5 Rxg3+ 50. Kc4= Rf3
51. c6+ Kd6 52. Bc5+ Kc7 53. Bb4 Rxf4+ 54. Kc5 Kc8 55. d6 Rxb4=
1/2-1/2

[Event "Olympic Open"]
[Site "SchemingMind.com"]
[Date "2008.08.09"]
[Round "-"]
[White "lame wolf"]
[Black "mikewharvey"]
[Result "0-1"]
[WhiteCountry "INT"]
[BlackCountry "GBR"]
[WhiteElo "1062"]
[WhiteRD "47"]
[BlackElo "1608"]
[BlackRD "94"]
[GameID "166631"]

1. g4 d5 2. h3 e5 3. d4 exd4 4. Qxd4 Nc6 5. Qd1 Bc5 6. Bg2 Qf6 7. f3 Nge7 8. g5 Qd6 9. e4 Qg3+ 10. Kd2 Qxg2+
11. Ne2 O-O 12. Nc3 Qxf3 13. Qf1 Ne5 14. Qxf3 Nxf3+ 15. Kd3 dxe4+ 16. Kxe4 Nh4 17. Be3 Bf5+ 18. Kf4 Bd6#
0-1

[Event "Olympic Open"]
[Site "SchemingMind.com"]
[Date "2008.08.08"]
[Round "-"]
[White "lame wolf"]
[Black "kwabena"]
[Result "0-1"]
[WhiteCountry "INT"]
[BlackCountry "ENG"]
[WhiteElo "1062"]
[WhiteRD "47"]
[BlackElo "1633"]
[BlackRD "75"]
[GameID "166632"]

1. g4 d5 2. h3 e6 3. Bg2 h6 4. d3 Nf6 5. e3 c5 6. Qe2 Nc6 7. e4 dxe4 8. Bxe4 Nxe4 9. Qxe4 Nd4 10. Na3 Rb8
11. c3 Qa5 12. Kd2 b6 13. Nc4 Nb3+ 14. axb3 Qxa1 15. Kc2 Qa6 16. Na3 Bb7 17. Qa4+ Qxa4 18. bxa4 Bxh1
0-1

[Event "Olympic Open"]
[Site "SchemingMind.com"]
[Date "2008.08.09"]
[Round "-"]
[White "lame wolf"]
[Black "Sixmax"]
[Result "0-1"]
[WhiteCountry "INT"]
[BlackCountry "DEN"]
[WhiteElo "1062"]
[WhiteRD "47"]
[BlackElo "2106"]
[BlackRD "84"]
[GameID "166633"]

1. g4 d6 2. h3 h5 3. g5 e5 4. h4 Nc6 5. Bg2 Nge7 6. Bxc6+ Nxc6 7. d3 Bg4 8. f3 Be6 9. f4 d5 10. Bd2 e4
11. Nc3 e3 12. Bc1 Bd6 13. Bxe3 d4 14. f5 Bxf5 15. Bxd4 Nxd4 16. e3 Bg4 17. Qd2 Bg3+ 18. Kf1 Nf5 19. Ne4 Bxh4 20. Nh3 Bf3
21. Rh2 Qe7 22. Qc3 Bxe4 23. dxe4 Qxe4 24. Qxc7 Nxe3+ 25. Kg1 Qg4+ 26. Kh1 Qf3+ 27. Kg1 Bg3
0-1

[Event "Olympic Open"]
[Site "SchemingMind.com"]
[Date "2008.08.08"]
[Round "-"]
[White "lame wolf"]
[Black "shaykins"]
[Result "0-1"]
[WhiteCountry "INT"]
[BlackCountry "ISR"]
[WhiteElo "1062"]
[WhiteRD "47"]
[BlackElo "1959"]
[BlackRD "155"]
[GameID "166634"]

1. g4 d5 2. h3 h5 3. g5 e5 4. h4 Nc6 5. d3 Bg4 6. f3 Be6 7. Bh3 Bxh3 8. Nxh3 Qd7 9. Nd2 Nge7 10. b3 Nf5
11. Nf1 Nxh4 12. f4 Ng2+ 13. Kf2 Qg4 14. Ng3 Nxf4 15. Bxf4 exf4 16. e3 Qxg3+ 17. Ke2 Qg2+ 18. Nf2 f3+ 19. Ke1 Bb4+
0-1

[Event "Olympic Open"]
[Site "SchemingMind.com"]
[Date "2008.08.09"]
[Round "-"]
[White "mikewharvey"]
[Black "lame wolf"]
[Result "1-0"]
[WhiteCountry "GBR"]
[BlackCountry "INT"]
[WhiteElo "1608"]
[WhiteRD "94"]
[BlackElo "1062"]
[BlackRD "47"]
[GameID "166636"]

1. c4 c5 2. Nf3 Nc6 3. Nc3 b6 4. g3 Bb7 5. Bg2 e6 6. O-O e5 7. Nxe5 Rb8 8. Ng4 Nf6 9. Ne3 a6 10. Ned5 d6
11. d3 Nxd5 12. Nxd5 Be7 13. Re1 O-O 14. Bf4 Ne5 15. e4 Bxd5 16. exd5 Qd7 17. Rb1 b5 18. Bxe5 bxc4 19. Bf4 cxd3 20. Qxd3 g6
21. Qc3 f6 22. a3 g5 23. Bd2 h6 24. Qd3 Qb5 25. Qg6+ Kh8 26. Rxe7 Rg8 27. Qh7#
1-0

[Event "Olympic Open"]
[Site "SchemingMind.com"]
[Date "2008.08.08"]
[Round "-"]
[White "kwabena"]
[Black "lame wolf"]
[Result "1-0"]
[WhiteCountry "ENG"]
[BlackCountry "INT"]
[WhiteElo "1633"]
[WhiteRD "75"]
[BlackElo "1062"]
[BlackRD "47"]
[GameID "166637"]

1. d4 d5 2. Bf4 e6 3. e3 Bd6 4. Bxd6 Qxd6 5. a3 Nf6 6. c4 c5 7. cxd5 Qxd5 8. Nc3 Qd6 9. Nf3 b6 10. dxc5 Qxc5
11. Rc1 Bb7 12. Nb5 Qe7 13. Nc7+
1-0

[Event "Olympic Open"]
[Site "SchemingMind.com"]
[Date "2008.08.09"]
[Round "-"]
[White "Sixmax"]
[Black "lame wolf"]
[Result "1-0"]
[WhiteCountry "DEN"]
[BlackCountry "INT"]
[WhiteElo "2106"]
[WhiteRD "84"]
[BlackElo "1062"]
[BlackRD "47"]
[GameID "166638"]

1. e4 d5 2. exd5 Qxd5 3. Nc3 Qd8 4. d4 c6 5. Bc4 e6 6. Nf3 Bb4 7. O-O Bxc3 8. bxc3 b5 9. Bd3 Bd7 10. Ne5 f6
11. Qh5+ g6 12. Nxg6 Bc8 13. Ne5+ Ke7 14. Qf7+ Kd6 15. Ba3+
1-0

[Event "Olympic Open"]
[Site "SchemingMind.com"]
[Date "2008.08.08"]
[Round "-"]
[White "shaykins"]
[Black "lame wolf"]
[Result "1-0"]
[WhiteCountry "ISR"]
[BlackCountry "INT"]
[WhiteElo "1959"]
[WhiteRD "155"]
[BlackElo "1062"]
[BlackRD "47"]
[GameID "166639"]

1. e4 c6 2. d4 g6 3. Nc3 Qc7 4. Nf3 Bg7 5. Bd3 e6 6. e5 d6 7. Bf4 d5 8. Qd2 Nd7 9. O-O-O b5 10. Ne2 a6
11. Kb1 c5 12. dxc5 Nxc5 13. Qc3 Bf8 14. b4 Qb6 15. Be3 Na4 16. Bxb6 Nxc3+ 17. Nxc3 Bxb4 18. Ne2 Bb7 19. c3 Be7 20. Be3 Ba3
21. Kc2 f6 22. Bd4 Ke7 23. Kb3 Bd6 24. exd6+ Kxd6 25. Ng5 e5 26. Nf7+
1-0

[Event "Olympic Open"]
[Site "SchemingMind.com"]
[Date "2008.08.09"]
[Round "-"]
[White "Lazaro"]
[Black "lame wolf"]
[Result "1-0"]
[WhiteCountry "CUB"]
[BlackCountry "INT"]
[WhiteElo "1648"]
[WhiteRD "76"]
[BlackElo "1062"]
[BlackRD "47"]
[GameID "166653"]

1. e4 d5 2. exd5 Qxd5 3. Nc3 Qd8 4. d4 e6 5. Nf3 Bb4 6. Bd2 c5 7. dxc5 Bxc5 8. Ne4 Bb6 9. Bg5 f6 10. Bb5+ Bd7
11. Nd6+ Kf8 12. Nxb7 Qc7 13. Nd6 Bc5 14. Bxd7 Nxd7 15. Bf4 e5 16. Nf7 Kxf7 17. Qd5+ Kf8 18. Qxa8+ Qb8 19. Qxb8+ Nxb8 20. Rd1 Kf7
21. Rd8 Ne7 22. Rxh8
1-0

[Event "Olympic Open"]
[Site "SchemingMind.com"]
[Date "2008.08.09"]
[Round "-"]
[White "Lazaro"]
[Black "mikewharvey"]
[Result "0-1"]
[WhiteCountry "CUB"]
[BlackCountry "GBR"]
[WhiteElo "1547"]
[WhiteRD "77"]
[BlackElo "1710"]
[BlackRD "94"]
[GameID "166655"]

1. e4 g6 2. d4 Bg7 3. Nc3 d6 4. Be2 Nf6 5. Be3 O-O 6. Qd2 Nc6 7. f3 e5 8. d5 Ne7 9. O-O-O c6 10. dxc6 bxc6
11. Qxd6 Qxd6 12. Rxd6 Be6 13. Bc5 Nd7 14. Rxd7 Bxd7 15. Bxe7 Rfe8 16. Bc5 Be6 17. Nh3 Bh6+ 18. Kb1 a5 19. Nf2 Rab8 20. Nd3 Bd2
21. Na4 f6 22. Rd1 Bg5 23. g3 Bc4 24. b3 f5 25. Bd6 Rb7 26. Nab2 Bf7 27. Nxe5 fxe4
0-1

[Event "Olympic Open"]
[Site "SchemingMind.com"]
[Date "2008.08.09"]
[Round "-"]
[White "Lazaro"]
[Black "kwabena"]
[Result "0-1"]
[WhiteCountry "CUB"]
[BlackCountry "ENG"]
[WhiteElo "1547"]
[WhiteRD "77"]
[BlackElo "1631"]
[BlackRD "68"]
[GameID "166656"]

1. e4 d5 2. exd5 Qxd5 3. Nc3 Qd8 4. d4 a6 5. Nf3 Bf5 6. Bc4 e6 7. O-O c6 8. Re1 Be7 9. Bf4 Nd7 10. Qd2 h6
11. Rad1 Qb6 12. Bb3 Rd8 13. Na4 Qa7 14. Ne5 Ngf6 15. h3 Nh5 16. Bh2 b5 17. Nxc6 Qb7 18. Nxd8 Bxd8 19. Nc5 Nxc5 20. dxc5 O-O
21. Qd7 Qa8 22. c6 Ba5 23. c3 Nf6 24. Qb7 Be4 25. Qxa8 Rxa8 26. c7 Bb7 27. Re3 Rc8 28. a4 bxa4 29. Bxa4 Bxc7 30. Bxc7 Rxc7
31. Rd8+ Kh7 32. Bc2+ g6 33. h4 Kg7 34. Bb3 Nh5 35. g3 Nf6 36. Red3 h5 37. f3 Bc6 38. c4 Nd7 39. Re3 Nc5 40. Bc2 Rb7
41. b3 a5 42. Rc8 Rb6 43. Re5 Nxb3 44. Rxc6 Rxc6 45. Bxb3 Rb6 46. Rb5 Ra6 47. c5 a4 48. Ba2 a3 49. Rb3 Kf6 50. Rb6 Ra5
51. c6 Rc5 52. Bb3 Rf5 53. Kf2 Rc5 54. Ra6 Rc3 55. Rxa3 Rxc6 56. Bd1 Rb6 57. Be2 Rb5 58. Bxb5 Kg7 59. Ra7 Kf6 60. Bd3 Kg7
0-1

[Event "Olympic Open"]
[Site "SchemingMind.com"]
[Date "2008.08.09"]
[Round "-"]
[White "Lazaro"]
[Black "Sixmax"]
[Result "0-1"]
[WhiteCountry "CUB"]
[BlackCountry "DEN"]
[WhiteElo "1547"]
[WhiteRD "77"]
[BlackElo "2213"]
[BlackRD "70"]
[GameID "166657"]

1. d4 d6 2. e4 Nf6 3. Nc3 g6 4. f3 c6 5. Be3 b5 6. Qd2 Nbd7 7. h4 Qa5 8. d5 b4 9. dxc6 bxc3 10. cxd7+ Bxd7
11. Qxc3 Qxc3+ 12. bxc3 Bg7 13. Kf2 O-O 14. Bd3 Ba4 15. Rb1 a5 16. Ne2 Rfc8 17. Bg5 Rab8 18. c4 Kf8 19. Bd2 Nd7 20. Bxa5 Ra8
21. Bc3 Bxc3 22. Nxc3 Bxc2 23. Bxc2 Rxc4 24. Ba4 Ne5 25. Rb3= Rac8 26. Bb5 Rxc3 27. Rxc3 Rxc3 28. a4 Ra3 29. Re1 f5 30. Re3 Ra1
31. Kg3 Kf7 32. h5 Kf6 33. exf5 gxf5 34. Rc3 Nf7 35. Rc6 Ng5 36. Rc8 Ne6 37. Bd7 f4+ 38. Kh2 Nc5 39. Bb5 h6 40. Rg8 e6
41. Rg6+ Ke5
0-1

[Event "Olympic Open"]
[Site "SchemingMind.com"]
[Date "2008.08.09"]
[Round "-"]
[White "Lazaro"]
[Black "shaykins"]
[Result "0-1"]
[WhiteCountry "CUB"]
[BlackCountry "ISR"]
[WhiteElo "1547"]
[WhiteRD "77"]
[BlackElo "2178"]
[BlackRD "94"]
[GameID "166658"]

1. d4 d5 2. c4 c6 3. cxd5 cxd5 4. Nc3 Nf6 5. Nf3 e6 6. g3 Bd6 7. Bg2 O-O 8. Bg5 Qb6 9. Rb1 Ne4 10. Nxe4 dxe4
11. Nd2 e5 12. d5 f5 13. O-O f4 14. Nc4 Qa6 15. Qb3 h6 16. Be7= Bxe7 17. d6 Be6 18. dxe7 Re8 19. Bxe4 Rxe7 20. Qb4 Rc7
21. Nxe5 Nd7 22. Bd3 Qb6 23. Qxf4 Nxe5 24. Qxe5 Bxa2 25. Rbc1 Rf7 26. Rc5 Rd8 27. Rfc1 a6 28. Qe4 Kf8 29. Qh7 Qf6 30. Rf5 Qxb2
31. Qh8+ Ke7 32. Rc7+ Rd7 33. Qc8 Qa1+ 34. Kg2 Qd4 35. Re5+ Qxe5 36. Qxd7+ Kf6 37. Qd8+ Re7 38. Rd7 Kf7 39. f4 Qc5 40. Rd6 Re6
41. Qd7+ Kf6 42. e4 Qxd6 43. e5+ Qxe5 44. Qd8+ Kf7 45. fxe5 Rxe5 46. Qd7+ Kf6 47. Qd6+ Be6
0-1

[Event "Olympic Open"]
[Site "SchemingMind.com"]
[Date "2008.08.10"]
[Round "-"]
[White "lame wolf"]
[Black "Lazaro"]
[Result "0-1"]
[WhiteCountry "INT"]
[BlackCountry "CUB"]
[WhiteElo "1062"]
[WhiteRD "47"]
[BlackElo "1648"]
[BlackRD "76"]
[GameID "166659"]

1. b4 f5 2. a3 e5 3. Bb2 d6 4. d4 exd4 5. Qxd4 Nc6 6. Qd1 Nf6 7. e3 Be7 8. b5 Ne5 9. a4 Be6 10. Nd2 O-O
11. c4 c6 12. e4 fxe4 13. Bxe5 dxe5 14. Qe2 Ng4 15. Nxe4 Bb4+
0-1

[Event "Olympic Open"]
[Site "SchemingMind.com"]
[Date "2008.08.10"]
[Round "-"]
[White "mikewharvey"]
[Black "Lazaro"]
[Result "1-0"]
[WhiteCountry "GBR"]
[BlackCountry "CUB"]
[WhiteElo "1710"]
[WhiteRD "94"]
[BlackElo "1547"]
[BlackRD "77"]
[GameID "166661"]

1. c4 e6 2. Nc3 d5 3. d4 Bb4 4. Nf3 dxc4 5. g3 Nf6 6. Bg2 c6 7. O-O Nbd7 8. e4 Bxc3 9. bxc3 Nxe4 10. Qc2 Nd6
11. Re1 O-O 12. Ba3 Qc7 13. Ne5 c5 14. Nxd7 Bxd7 15. Bxc5 Bc6 16. Bf1 Bd5 17. Qa4 Rfd8 18. Qc2 b6 19. Ba3 b5 20. Bc1 a6
21. Bf4 Qc6 22. a4 h6 23. Be2 Ne4 24. axb5 axb5 25. Rab1 Ng5 26. Bxg5 hxg5 27. Qd2 f6 28. Bh5 Rab8 29. Bg6 Bh1 30. f3 Bxf3
31. Qe3
1-0

[Event "Olympic Open"]
[Site "SchemingMind.com"]
[Date "2008.08.10"]
[Round "-"]
[White "kwabena"]
[Black "Lazaro"]
[Result "1-0"]
[WhiteCountry "ENG"]
[BlackCountry "CUB"]
[WhiteElo "1622"]
[WhiteRD "83"]
[BlackElo "1569"]
[BlackRD "69"]
[GameID "166662"]

1. d4 d5 2. Bf4 c5 3. c3 Nf6 4. a3 Qb6 5. b4 cxb4 6. cxb4 a5 7. b5 Qxb5 8. Nc3 Qb6 9. e3 Bf5 10. Bb5+ Nc6
11. Bg5 Ne4 12. Bxc6+ bxc6 13. Nxe4 Bxe4 14. Nf3 e6 15. O-O Bd6 16. Nd2 Bd3 17. Re1 O-O 18. Nf3 Bg6 19. Qa4 Qb5 20. Qxb5 cxb5
21. Rec1 Rfc8 22. Re1 Rc3 23. a4 b4 24. h3 Rac8 25. Nd2 h6 26. Bh4 Rc2 27. Nb3 Ra8 28. Rec1 Kf8 29. Nc5 Bxc5 30. dxc5 Rc8
31. Bg3 R8xc5 32. Bd6+ Ke8 33. Bxc5
1-0

[Event "Olympic Open"]
[Site "SchemingMind.com"]
[Date "2008.08.10"]
[Round "-"]
[White "Sixmax"]
[Black "Lazaro"]
[Result "1-0"]
[WhiteCountry "DEN"]
[BlackCountry "CUB"]
[WhiteElo "2231"]
[WhiteRD "69"]
[BlackElo "1584"]
[BlackRD "75"]
[GameID "166663"]

1. e4 e5 2. Nf3 Nc6 3. Bb5 a6 4. Bxc6 dxc6 5. O-O f6 6. d4 exd4 7. Nxd4 c5 8. Nb3 Qxd1 9. Rxd1 Bd7 10. Bf4 O-O-O
11. Nc3 Be6 12. Rxd8+ Kxd8 13. Rd1+ Kc8 14. Nd5 Bxd5 15. Rxd5 b6 16. Rd1 Ne7 17. Be3 Nc6 18. f4 c4 19. Nc1 Be7 20. a3 Rd8
21. Rxd8+ Kxd8 22. Ne2 Kd7 23. Nc3 b5 24. Nd5 Bd6 25. Kf2 Ne7 26. Nc3 g6 27. h3 c5 28. g4 Ke6 29. f5+ Kd7 30. fxg6 Nxg6
31. Nd5 Ke6 32. Ke2 Be5 33. c3 Bd6 34. Bf2 Nh8 35. a4 Nf7 36. Ke3 Ng5 37. Bh4
1-0

[Event "Olympic Open"]
[Site "SchemingMind.com"]
[Date "2008.08.10"]
[Round "-"]
[White "shaykins"]
[Black "Lazaro"]
[Result "1-0"]
[WhiteCountry "ISR"]
[BlackCountry "CUB"]
[WhiteElo "2160"]
[WhiteRD "96"]
[BlackElo "1584"]
[BlackRD "75"]
[GameID "166664"]

1. e4 e5 2. Nf3 Nc6 3. Bb5 a6 4. Ba4 Nf6 5. O-O Nxe4 6. d4 b5 7. Bb3 d5 8. dxe5 Be6 9. c3 Be7 10. a4 b4
11. Nd4 Nxe5 12. f4 Bg4 13. Qc2 c5 14. fxe5 cxd4 15. cxd4 O-O 16. Be3 Bg5 17. Qd3 Bh5 18. Nd2 Bg6 19. Nxe4 Bxe4 20. Qd2 Bxe3+
21. Qxe3 Rc8= 22. Rac1 Qd7 23. a5 h6 24. Ra1 Qg4 25. Qd2 Rc7 26. Rac1 Rfc8 27. Rxc7 Rxc7 28. Bd1 Qh4 29. Rf2 Qe7 30. Qf4 Rc4
31. Bh5 g6 32. Be2 Rxd4 33. Qxh6 b3 34. Qh3 Ra4 35. Qc8+ Kg7 36. Qxa6 Qxe5 37. Qa7 Bf5 38. Bf1 Qe6 39. Qc5 Qe1 40. a6 Rxa6
41. Qd4+ f6 42. Re2 Qc1 43. Re7+
1-0